000 00374pab a2200145 454500
008 180718b1998 xxu||||| |||| 00| 0 eng d
245 _aRIGHT to education: a symposium on the state of basic education in our country
260 _c1998
300 _ap.12-90
362 _aApr
650 _aEducation
650 _aRight to education
773 _aSeminar
909 _a37209
999 _c37209
_d37209